Welcome to the Holygrace Academy Library

Please use search bar below to get started

THARAKAN'S GRANDHAVARI (Record no. 8672)

MARC details
000 -LEADER
fixed length control field 00609nam a22001337a 4500
082 ## - DEWEY DECIMAL CLASSIFICATION NUMBER
Classification number 894.812.3
Item number BEN/T
100 ## - MAIN ENTRY--AUTHOR NAME
Personal name BENYAMIN
245 ## - TITLE STATEMENT
Title THARAKAN'S GRANDHAVARI
246 ## - VARYING FORM OF TITLE
Title proper/short title THARAKAN'S GRANDHAVARI
Remainder of title THARAKAN'S GRANDHAVARI
260 ## - PUBLICATION, DISTRIBUTION, ETC. (IMPRINT)
Place of publication KOTTAYAM, KERALA, INDIA
Name of publisher D C BOOKS
Year of publication 2023
520 ## - SUMMARY, ETC.
Summary, etc തിരുവിതാംകൂർ ചരിത്രത്തിലെ ചെറിയൊരു ഏടിനെ വളരെ കൗതുകകരമായ രീതിയിൽ, പുതി<br/><br/>https://www.madhyamam.com/culture/literature/tharakans-grandhavari-994238
650 ## - SUBJECT ADDED ENTRY--TOPICAL TERM
Topical Term MALAYALAM NOVEL
942 ## - ADDED ENTRY ELEMENTS (KOHA)
Koha item type Books
Holdings
Withdrawn status Lost status Collection code Home library Current library Shelving location Date acquired Source of acquisition Cost, normal purchase price Full call number Accession Number Koha item type
    Fiction Main Library Main Library NEW SHELF WITH NEW ENTRY 07/03/2024 PURCHASED 299.00 894.812.3 BEN/T 13580 Books